טוען...

Muslims in South East Asia :A Study in Monority Problem

מידע ביבליוגרפי
מחבר ראשי: Chauhan,Rajinder Singh
פורמט: Printed Book
שפה:English
יצא לאור: Delhi Kanishka Publishing House 1991
LEADER 00539nam a22001577a 4500
008 180612s9999 000 0 eng
020 |a 818547513X 
041 |a Eng 
082 |a 950 
100 |a Chauhan,Rajinder Singh 
245 |a Muslims in South East Asia  |b :A Study in Monority Problem 
260 |a Delhi  |b Kanishka Publishing House  |c 1991 
300 |a 231p  |b HB 
942 |2 ddc  |c BK 
999 |c 270820  |d 270820 
952 |0 0  |1 0  |4 0  |6 950_000000000000000_CHA_M  |7 0  |9 304855  |a ASC  |b ASC  |c ST1  |d 2018-09-05  |g 0.00  |l 0  |o 950 CHA/M  |p ASC1002  |r 2018-08-20  |w 2018-08-20  |y BK